I'm sorry / (Record no. 42495)
[ view plain ]
| 000 -LEADER | |
|---|---|
| fixed length control field | 00798nam a22003135a 4500 |
| 001 - CONTROL NUMBER | |
| control field | 12040970 |
| 003 - CONTROL NUMBER IDENTIFIER | |
| control field | OSt |
| 005 - DATE AND TIME OF LATEST TRANSACTION | |
| control field | 20140311163201.0 |
| 008 - FIXED-LENGTH DATA ELEMENTS--GENERAL INFORMATION | |
| fixed length control field | 000614s2000 nyu 000 0 eng |
| 010 ## - LIBRARY OF CONGRESS CONTROL NUMBER | |
| LC control number | 00105637 |
| 020 ## - INTERNATIONAL STANDARD BOOK NUMBER | |
| International Standard Book Number | 0307132811 |
| 040 ## - CATALOGING SOURCE | |
| Original cataloging agency | DLC |
| Transcribing agency | DLC |
| 042 ## - AUTHENTICATION CODE | |
| Authentication code | pcc |
| 050 ## - LIBRARY OF CONGRESS CALL NUMBER | |
| Classification number | PZ 7 |
| Item number | .M459Im 1999 |
| 100 1# - MAIN ENTRY--PERSONAL NAME | |
| Personal name | Mayer, Gina and Mercer. |
| 9 (RLIN) | 24147 |
| 245 10 - TITLE STATEMENT | |
| Title | I'm sorry / |
| Statement of responsibility, etc | Gina and Mercer Mayer |
| 260 ## - PUBLICATION, DISTRIBUTION, ETC. (IMPRINT) | |
| Place of publication, distribution, etc | New York, NY : |
| Name of publisher, distributor, etc | Scholastic Inc., |
| Date of publication, distribution, etc | 2000. |
| 263 ## - PROJECTED PUBLICATION DATE | |
| Projected publication date | 0012 |
| 300 ## - PHYSICAL DESCRIPTION | |
| Dimensions | 23 cm. |
| Extent | 24 p. : |
| Other physical details | col. : ill.; |
| 521 ## - TARGET AUDIENCE NOTE | |
| Target audience note | |
| 526 ## - STUDY PROGRAM INFORMATION NOTE | |
| Reading level | 330 |
| 650 ## - SUBJECT ADDED ENTRY--TOPICAL TERM | |
| Topical term or geographic name as entry element | Juvenile Fiction |
| 700 1# - ADDED ENTRY--PERSONAL NAME | |
| Personal name | Dirkse, Lorrie. |
| 9 (RLIN) | 24148 |
| 906 ## - LOCAL DATA ELEMENT F, LDF (RLIN) | |
| a | 0 |
| b | ibc |
| c | orignew |
| d | 2 |
| e | epcn |
| f | 19 |
| g | y-gencatlg |
| 942 ## - ADDED ENTRY ELEMENTS (KOHA) | |
| Source of classification or shelving scheme | Library of Congress Classification |
| Koha item type | Books |
| Withdrawn status | Lost status | Source of classification or shelving scheme | Damaged status | Home library | Current library | Shelving location | Date acquired | Total Checkouts | Full call number | Barcode | Date last seen | Copy number | Price effective from | Koha item type |
|---|---|---|---|---|---|---|---|---|---|---|---|---|---|---|
| Library of Congress Classification | Munich Library | Munich Library | Scholastic Reading Center Section | 02/28/2014 | PZ 7 .M459Im 1999 | MS0057 | 02/28/2014 | 1 | 02/28/2014 | Books | ||||
| Library of Congress Classification | Munich Library | Munich Library | Scholastic Reading Center Section | 02/28/2014 | PZ 7 .M459Im 1999 | MS0787 | 02/28/2014 | 2 | 02/28/2014 | Books |